MARC details
| 000 -LEADER |
| fixed length control field |
01656nam a22003617a 4500 |
| 001 - CONTROL NUMBER |
| control field |
06246 |
| 003 - CONTROL NUMBER IDENTIFIER |
| control field |
HDC |
| 007 - PHYSICAL DESCRIPTION FIXED FIELD--GENERAL INFORMATION |
| fixed length control field |
cr bn ---aaaaa |
| 008 - FIXED-LENGTH DATA ELEMENTS--GENERAL INFORMATION |
| fixed length control field |
210123b20112011xxu||||| |||| 00| 0 eng d |
| 020 ## - INTERNATIONAL STANDARD BOOK NUMBER |
| International Standard Book Number |
9781439848173 |
| 040 ## - CATALOGING SOURCE |
| Original cataloging agency |
HDC |
| 100 ## - MAIN ENTRY--PERSONAL NAME |
| Personal name |
Messens, Kathy |
| Relator term |
author |
| 9 (RLIN) |
4423 |
| 245 #0 - TITLE STATEMENT |
| Title |
Handbook of seafood and seafood products analysis : Chapter 44 |
| Remainder of title |
Detection of GM Ingredients in Fish Feed / |
| Statement of responsibility, etc. |
by Kathy Messens, Nicolas Gryson, Kris Audenaert, and Mia Eeckhout ; edited by Leo M.L. Nollet, Fidel Toldrá. |
| 260 ## - PUBLICATION, DISTRIBUTION, ETC. |
| Place of publication, distribution, etc. |
United States: |
| Name of publisher, distributor, etc. |
Taylor & Francis, |
| Date of publication, distribution, etc. |
2011 |
| 300 ## - PHYSICAL DESCRIPTION |
| Extent |
1 online resource (17 pages) |
| 336 ## - CONTENT TYPE |
| Content type term |
text |
| Source |
rdacontent |
| 337 ## - MEDIA TYPE |
| Media type term |
computer |
| Source |
rdamedia |
| 338 ## - CARRIER TYPE |
| Carrier type term |
online resource |
| Source |
rdacarrier |
| 500 ## - GENERAL NOTE |
| General note |
Originally from: Ingredient Interactions: Safety analysis of foods of animal origin, 2011 (pages 771-777) |
| -- |
Includes bibliographical references |
| 650 ## - SUBJECT ADDED ENTRY--TOPICAL TERM |
| Topical term or geographic name entry element |
Food analysis |
| 9 (RLIN) |
510 |
| 650 ## - SUBJECT ADDED ENTRY--TOPICAL TERM |
| Topical term or geographic name entry element |
Food |
| General subdivision |
Analysis |
| 9 (RLIN) |
471 |
| 650 ## - SUBJECT ADDED ENTRY--TOPICAL TERM |
| Topical term or geographic name entry element |
Seafood |
| General subdivision |
product |
| Form subdivision |
Handbooks, manuals, etc. |
| 9 (RLIN) |
4263 |
| 700 ## - ADDED ENTRY--PERSONAL NAME |
| Personal name |
Gryson, Nicolas |
| Relator term |
author |
| 9 (RLIN) |
4424 |
| 700 ## - ADDED ENTRY--PERSONAL NAME |
| Personal name |
Audenaert, Kris |
| Relator term |
author |
| 9 (RLIN) |
4425 |
| 700 ## - ADDED ENTRY--PERSONAL NAME |
| Personal name |
Eeckhout, Mia |
| Relator term |
author |
| 9 (RLIN) |
4426 |
| 700 ## - ADDED ENTRY--PERSONAL NAME |
| Personal name |
Nollet, Leo M. L., |
| Relator term |
editor |
| 700 ## - ADDED ENTRY--PERSONAL NAME |
| Personal name |
Toldrá, Fidel. |
| Relator term |
editor |
| 9 (RLIN) |
3755 |
| 856 ## - ELECTRONIC LOCATION AND ACCESS |
| Public note |
Request full-text at [email protected] |
| 856 ## - ELECTRONIC LOCATION AND ACCESS |
| Public note |
Request full-text at [email protected] |
| 942 ## - ADDED ENTRY ELEMENTS (KOHA) |
| Source of classification or shelving scheme |
Library of Congress Classification |
| 942 ## - ADDED ENTRY ELEMENTS (KOHA) |
| Koha item type |
Chapter in Books |
| 942 ## - ADDED ENTRY ELEMENTS (KOHA) |
| Call number prefix |
EBCH 004247 |